000 00381nam a22001337a 4500
005 20250924131330.0
008 250924b |||||||| |||| 00| 0 eng d
020 _a9781844071548
050 _aSD131
_b.E27 EAR
245 _aTHE EARTHSCAN READER IN FORESTRY AND DEVELOPMENT
_cEDITED BY JEFFREY SAYER
260 _aLONDON
_bEARTHSCAN
_cc2005
300 _axiv, 434p
942 _2lcc
_cBK
_n0
999 _c7683
_d7683